=LDR 00000nam 2200000 4500 =001 INLIS000000000001416 =005 20130612085825 =008 ***********************************Ind** =035 ##$$0010-061300000001416 =041 ##$$a Ind =082 ##$$a 808.8 =090 ##$$a 808.8, Gib-d =100 ##$$a GIBRAN, Kahlil =245 ##$$a Di depan singgasana kecantikan, Kahlil Gibran =260 ##$$a 1999 $b Yogyakarta =300 ##$$a x, 122 hlm, 21 cm =650 ##$$a Syair =850 ##$$a NBPNMAT